00541nam a2200145Ia 4500008004100000082001800041100003000059245005900089260006100148365000800209600003000217630005900247700003000306730005900336110201s9999 xx 000 0 und d bB9392aS 1773 aआपराद आशा aभोगले जे दुख त्याला... bमेहता पब्लिशिंग हाऊस b220 aआपराद आशा aभोगले जे दुख त्याला... aआपराद आशा aभोगले जे दुख त्याला...